| 000 | 00729nam a2200205Ia 4500 | ||
|---|---|---|---|
| 003 | OSt | ||
| 005 | 20240726150030.0 | ||
| 008 | 210210b2016 xxu||||| |||| 00| 0 eng d | ||
| 020 | _a8192300757 | ||
| 040 | _cAL | ||
| 041 | _aKannada | ||
| 082 | _a732.4487K PUNB | ||
| 100 |
_aPUNDALIKA KALLIGANURU _d ಪುಂಡಲೀಕ ಕಲ್ಲಿಗನೂರು _9174189 |
||
| 245 |
_aBeluru halebidu shilpakala samrajya: chayachitra samputa _bಬೇಲೂರು ಹಳೇಬೀಡು ಶಿಲ್ಪಕಲಾ ಸಾಮ್ರಾಜ್ಯ: ಛಾಯಾಚಿತ್ರ ಸಂಪುಟ |
||
| 260 |
_aBengaluru _bKikkeri Publications _c2016 |
||
| 300 | _axxiv,376 | ||
| 690 |
_aSculpture _9174190 |
||
| 906 | _a070903 | ||
| 942 |
_2ddc _cBK |
||
| 999 |
_c120307 _d120307 |
||